Sports Quiz

Random Sports or World Quiz
Score 0/120 Timer 10:00
0 Plays Today
Award Award Winner % Correct
KO of the YearAnderson Silva (vs. Vitor Belfort)
90.1%
Fighter of the YearAnderson Silva
90.1%
Coach of the YearGreg Jackson
89.2%
Coach of the YearGreg Jackson
89.2%
Coach of the YearGreg Jackson
89.2%
Breakthrough Fighter of the YearJon Jones
88.7%
Fighter of the YearJon Jones
88.7%
Fighter of the YearJon Jones
88.3%
Fight of the YearChuck Liddell vs. Wanderlei Silva
87.2%
Fight of the YearAnderson Silva vs. Chael Sonnen
86.2%
Fight of the YearJon Jones vs. Alexander Gustafsson
85.8%
KO of the YearWanderlei Silva (vs. Keith Jardine)
85.2%
Female Fighter of the YearRonda Rousey
83%
Female Fighter of the YearRonda Rousey
83%
Referee of the YearHerb Dean
82.3%
Referee of the YearHerb Dean
82.3%
Referee of the YearHerb Dean
81.3%
Promotion of the YearUFC
80.7%
Best MMA BrandUFC
80.3%
Promotion of the YearUFC
80.3%
Promotion of the YearUFC
80.3%
Promotion of the YearUFC
80.3%
Promotion of the YearUFC
80.3%
Submission of the YearGeorges St.Pierre (vs. Matt Hughes)
80.3%
Fighter of the YearGeorges St. Pierre
80.3%
Best MMA Gloves ManufacturerUFC
80.3%
Referee of the YearHerb Dean
78.3%
Promotion of the YearUFC
76.4%
Best Lifestyle Clothing BrandTapouT
76.4%
Best Lifestyle Clothing BrandTapouT
76.4%
Best MMA Shorts ManufacturerTapouT
76.4%
Best Overall MMA Clothing ManufacturerTapouT
76.4%
Best Overall MMA Clothing ManufacturerTapouT
76.4%
Gym of the YearGreg Jackson’s Submission Fighting
73.9%
Female Fighter of the YearCristiane “Cyborg” Santos
73.4%
Female Fighter of the YearCristiane “Cyborg” Santos
73.4%
Journalist of the YearAriel Helwani
72.6%
Leading Man of the YearDana White
72.4%
Leading Man of the YearDana White
72.4%
Leading Man of the YearDana White
72.4%
Award Award Winner % Correct
Leading Man of the YearDana White
72.4%
Journalist of the YearAriel Helwani
70.8%
Leading Man of the YearDana White
69.8%
Journalist of the YearAriel Helwani
69.5%
Journalist of the YearAriel Helwani
69.5%
Leading Man of the YearDana White
69%
Gym of the YearBlack House MMA
68%
Female Fighter of the YearMiesha Tate
64.5%
Ring Girl of the YearArianny Celeste
64.5%
Ring Girl of the YearArianny Celeste
64.5%
Ring Girl of the YearArianny Celeste
64.5%
Ring Girl of the YearArianny Celeste
64.5%
KO of the YearDan Henderson (vs. Michael Bisping)
64%
Fighter of the YearJose Aldo
59.1%
Female Fighter of the YearGina Carano
58.1%
Media Source of the YearSherdog
53.8%
Personality of the YearChael Sonnen
53.8%
Fighter of the YearChris Weidman
52.8%
International Fighter of the YearMichael Bisping
52.6%
International Fighter of the YearMichael Bisping
51.7%
KO of the YearMauricio Rua (vs. Lyoto Machida)
50.7%
Breakthrough Fighter of the YearBrock Lesnar
50.2%
Comeback of the YearFrank Mir (vs. Antonio Rodrigo Nogueira)
49.1%
Submission of the YearFrank Mir (vs. Antonio Rodrigo Nogueira)
49.1%
Ring Girl of the YearBrittney Palmer
48.5%
KO of the YearVitor Belfort (vs. Luke Rockhold)
48.1%
Breakthrough Fighter of the YearChris Weidman
48%
Media Source of the YearMMA Fighting
46.2%
Lifetime Achievment AwardRandy Couture
46.2%
Ring Girl of the YearNrittney Palmer
44.3%
Submission of the YearUrijah Faber (vs. Ivan Menjivar)
44.3%
Fight of the YearFrankie Edgar vs. Gray Maynard
42.9%
Submission of the YearChan Sung Jung (vs. Leonard Garcia)
41.9%
Entrance of the YearJason 'Mayhem' Miller
39.4%
Entrance of the YearJason 'Mayhem' Miller
39.4%
Personality of the YearJoe Rogan
38%
International Fighter of the YearAlexander Gustafsson
37.7%
Lifetime Achievment AwardRoyce Gracie
37.7%
Personality of the YearJoe Rogan
37.4%
Media Source of the YearMMAJunkie
36.5%
Award Award Winner % Correct
Media Source of the YearMMAJunkie
36.5%
Media Source of the YearMMAJunkie
36.5%
Media Source of the YearMMAJunkie
36.5%
Gym of the YearCesar Gracie Jiu-Jitsu
36.3%
KO of the YearEdson Barboza (vs. Terry Etim)
35.1%
International Fighter of the YearAlistair Overeem
32.5%
International Fighter of the YearAlistair Overeem
32.5%
Best Lifestyle Clothing BrandBad Boy
32.2%
Best Technical Clothing BrandBad Boy
31.5%
Best Technical Clothing BrandBad Boy
31.5%
Best Technical Equipment BrandEverlast
30%
Best Technical Equipment BrandEverlast
30%
Fight of the YearClay Guida vs. Diego Sanchez
29.6%
Best Lifestyle Clothing BrandBad Boy
29.2%
Best Technical Equipment BrandBad Boy
29.2%
Best Technical Clothing BrandVenum
27.4%
Submission of the YearFabricio Werdum (vs. Fedor Emelianenko)
24.1%
Coach of the YearDuane Ludwig
23.6%
Comeback of the YearCheick Kongo (vs. Pat Barry)
21.7%
Lifetime Achievment AwardCharles “Mask” Lewis
21.7%
Fight of the YearClay Guida vs. Roger Huerta
20.7%
Lifetime Achievment Award‘Big’ John McCarthy
20.2%
Breakthrough Fighter of the YearDemian Maia
19.7%
Breakthrough Fighter of the YearDonald Cerrone
18.7%
Fight of the YearJamie Varner vs. Joe Lauzon
18.7%
Gym of the YearWand Fight Team
17.7%
Breakthrough Fighter of the YearTravis Browne
17%
Comeback of the YearTravis Browne (vs. Alistair Overeem)
17%
Gym of the YearTeam Alpha Male
15.1%
International Fighter of the YearGegard Mousasi
11.3%
Trainer of the YearMike Dolce
11.3%
Coach of the YearRafael Cordeiro
6.4%
Lifetime Achievment AwardShawn Tompkins
5.9%
Best MMA Gloves ManufacturerFairtex
5.4%
Journalist of the YearJohn Morgan
4.9%
Submission of the YearToby Imada (vs. Jorge Masvidal)
4.9%
Best Technical Clothing BrandClinch Gear
4.1%
Best Technical Equipment BrandPretorian
3.5%
Best MMA Shorts ManufacturerSprawl
2.5%
Lifetime Achievment AwardLeon Tabbs
1.8%
Remove Ads.
Support Sporcle.
Get the best of Sporcle when you Go Orange. This ad-free experience offers more features, more stats, and more fun while also helping to support Sporcle. Thank you for becoming a member.

You're not logged in!

Compare scores with friends on all Sporcle quizzes.
OR
Log In

Show Comments

Extras

Created Sep 1, 2012SourceReportNominate
Tags:World Quiz, 2008, Award, MMA, Winner

Top Quizzes Today


Score Distribution

Your Account Isn't Verified!

In order to create a playlist on Sporcle, you need to verify the email address you used during registration. Go to your Sporcle Settings to finish the process.

Report this User

Report this user for behavior that violates our Community Guidelines.

Details: